| 000 | 00421nam a22001217a 4500 | ||
|---|---|---|---|
| 082 |
_a005.113 _bGEA _cL-2, P-134 |
||
| 245 |
_aIntroeduction to Computers, Structured Programming, and Applications _cGear, C. William |
||
| 260 |
_aIndia _bSuneel Galgotia for Galotia Publications Pvt Ltd _c1986 |
||
| 300 |
_avarious p.: _bill, ; _c20 cm. |
||
| 526 |
_a0 _b0 _c0 _d005_113000000000000_GEA |
||
| 650 |
_aMCE _9379 |
||
| 942 |
_2ddc _cBK |
||
| 999 |
_c541635 _d541635 |
||